Languages spoken by Presidents of The Philippines - Statistics

General Stats
  • This quiz has been taken 55 times
  • The average score is 7 of 14
Answer Stats
Hint Answer % Correct
16 English
96%
17 Tagalog
93%
13 Spanish
89%
4 Cebauno
76%
1 Japanese
74%
2 French
65%
6 Ilocano
48%
2 Hiligaynon
35%
1 Waray
35%
3 Kapampangan
26%
1 Bikol
22%
1 Latin
17%
2 Pangasinan
15%
1 Capiznon
2%
No matching quizzes found
Score Distribution
Percent of People with Each Score
Percentile by Number Answered
Your Score History
You have not taken this quiz